Macro economics theory (Record no. 1389)

MARC details
000 -LEADER
fixed length control field 00482cam a2200193ua 4500
008 - FIXED-LENGTH DATA ELEMENTS--GENERAL INFORMATION
fixed length control field 120216n ii |||gr||||Z||||||eng
020 ## - INTERNATIONAL STANDARD BOOK NUMBER
International Standard Book Number 0-7069-2841-5
040 ## - CATALOGING SOURCE
Transcribing agency MAIN
082 ## - DEWEY DECIMAL CLASSIFICATION NUMBER
Classification number 339
100 ## - MAIN ENTRY--PERSONAL NAME
Personal name Jhingam, M. L.,
Dates associated with a name 1983,
245 1# - TITLE STATEMENT
Title Macro economics theory
Statement of responsibility, etc. by M. L. Jhingan
250 ## - EDITION STATEMENT
Edition statement 1st.
260 ## - PUBLICATION, DISTRIBUTION, ETC.
Place of publication, distribution, etc. New Delhi:
Name of publisher, distributor, etc. Vani Educational books,985.
300 ## - PHYSICAL DESCRIPTION
Extent xvi; 652p:
Dimensions 23cm.
942 ## - ADDED ENTRY ELEMENTS (KOHA)
Koha item type Books
653 ## - INDEX TERM--UNCONTROLLED
Uncontrolled term Economics
653 ## - INDEX TERM--UNCONTROLLED
Uncontrolled term Macro economic theory
Holdings
Withdrawn status Lost status Damaged status Not for loan Home library Current library Shelving location Date acquired Total Checkouts Full call number Barcode Date last seen Copy number Price effective from Koha item type Date last checked out
        Central Library, Naharkatiya College Central Library, Naharkatiya College General Stacks 19/09/2020   339 | JHI 1799 19/09/2020 1 19/09/2020 Books  
        Central Library, Naharkatiya College Central Library, Naharkatiya College General Stacks 19/09/2020 1 339 | JHI 1800 15/09/2025 2 19/09/2020 Books 04/09/2025
        Central Library, Naharkatiya College Central Library, Naharkatiya College General Stacks 19/09/2020 2 339 | JHI 2086 15/11/2025 5 19/09/2020 Books 14/10/2025
        Central Library, Naharkatiya College Central Library, Naharkatiya College General Stacks 19/09/2020 1 339 | JHI 2252 13/11/2024 3 19/09/2020 Books 26/10/2024
        Central Library, Naharkatiya College Central Library, Naharkatiya College General Stacks 19/09/2020 1 339 | JHI 2254 08/06/2023 4 19/09/2020 Books 19/05/2023

Naharkatiya College © 2020. All rights reserved.

Powered By